以年号命名的行政区 Chinese palces named by era name - Statistics

General Stats
  • This quiz has been taken 32 times
  • The average score is 4 of 11
Answer Stats
行政级别 年号使用者 Answer % Correct
县级 汉献帝刘协 许昌市建安区
79%
地级 南宋高宗赵构 绍兴市
79%
县级 唐代宗李豫 宝应县
38%
县级 南宋宁宗赵扩 上海市嘉定区
38%
县级 南宋宁宗赵扩 庆元县
31%
县级 北宋太宗赵光义 淳化县
28%
地级 北宋真宗赵恒 景德镇市
28%
县级 北宋真宗赵恒 开封市祥符区
28%
县级 北宋徽宗赵佶 政和县
28%
县级 北宋太宗赵光义 兴国县
24%
县级 唐代宗李豫 永泰县
21%
No matching quizzes found
Score Distribution
Percent of People with Each Score
Percentile by Number Answered
Your Score History
You have not taken this quiz